000 00369nam a2200145Ia 4500
008 230711s9999||||xx |||||||||||||| ||und||
041 _aENG
082 _a720
_bED-E
100 _aAtrium,Ediciones
245 0 _aEuropean masters / 3 Architecture - 1,2
250 _a2nd Ed.
260 _c1991
_aNew York
_bEdiciones Atrium, S. A.
650 _aArchitecture
942 _cBK
999 _c2660
_d2660